[Event "VIE-ch U17"]
[Site "Hanoi"]
[Date "2022.06.15"]
[Round "6"]
[White "Nguyen, Xuan Hien"]
[Black "Dang, Tuan Linh"]
[Result "1-0"]
[WhiteElo "2297"]
[BlackElo "2290"]
[PlyCount "53"]
[EventDate "2022.06.11"]
[EventType "swiss"]
[EventRounds "7"]
[EventCountry "VIE"]
[SourceTitle "EXT 2023"]
[Source "ChessBase"]
[SourceDate "2022.10.05"]
[SourceVersion "1"]
[SourceVersionDate "2022.10.05"]
[SourceQuality "1"]

1. d4 e6 2. c4 f5 3. g3 Nf6 4. Bg2 Be7 5. Nf3 0-0 6. 0-0 d6 7. Nc3 Ne4 8. Nxe4 fxe4 9. Nd2 d5 10. f3 Bg5 11. fxe4 Be3+ 12. Kh1 dxc4 13. Rxf8+ Kxf8 14. Nf3 Bxc1 15. Qxc1 b5 16. Qf4+ Kg8 17. Ng5 Qe7 18. e5 c6 19. Rf1 Bd7 20. Be4 g6 21. Qh4 Be8 22. Rf8+ Kxf8 23. Nxh7+ Kf7 24. Bxg6+ Kxg6 25. Qxe7 Nd7 26. Ng5 c5 27. h4 1-0

[Event "VIE-ch U17"]
[Site "Hanoi"]
[Date "2022.06.14"]
[Round "5"]
[White "Dang, Tuan Linh"]
[Black "Tran, Dang Minh Quang"]
[Result "0-1"]
[WhiteElo "2290"]
[BlackElo "2283"]
[PlyCount "88"]
[EventDate "2022.06.11"]
[EventType "swiss"]
[EventRounds "7"]
[EventCountry "VIE"]
[SourceTitle "EXT 2023"]
[Source "ChessBase"]
[SourceDate "2022.10.05"]
[SourceVersion "1"]
[SourceVersionDate "2022.10.05"]
[SourceQuality "1"]

1. e4 c5 2. Nc3 e6 3. f4 Nc6 4. Bb5 Qc7 5. d3 Nge7 6. Nf3 a6 7. Bxc6 Nxc6 8. 0-0 Be7 9. Be3 0-0 10. e5 b6 11. Ne4 Bb7 12. c3 f5 13. exf6 Bxf6 14. Nxf6+ Rxf6 15. d4 Ne7 16. dxc5 bxc5 17. c4 Nf5 18. Bd2 Nd4 19. Nxd4 cxd4 20. Qe2 Rg6 21. Rf2 Qc6 22. Kf1 Rf8 23. b3 d6 24. Qf3 Qb6 25. Qh3 Rff6 26. Kg1 Be4 27. Re1 Qc6 28. g3 Qb7 29. Qh5 Rf8 30. Qe2 Bc6 31. Qd3 Qb6 32. f5 exf5 33. Rxf5 Rff6 34. Rxf6 Rxf6 35. Rf1 Re6 36. Rf4 Bb7 37. Qxd4 Qc6 38. Qd5 Qd7 39. Qf5 Qe8 40. Bc3 Re3 41. Bb4 Re5 42. Qd3 Qe6 43. Rf8+ Kxf8 44. Qxd6+ Kf7 0-1

[Event "VIE-ch U17"]
[Site "Hanoi"]
[Date "2022.06.13"]
[Round "3"]
[White "Dang, Tuan Linh"]
[Black "Dang, Hoang Quy Nhan"]
[Result "0-1"]
[WhiteElo "2290"]
[BlackElo "2286"]
[PlyCount "98"]
[EventDate "2022.06.11"]
[EventType "swiss"]
[EventRounds "7"]
[EventCountry "VIE"]
[SourceTitle "EXT 2023"]
[Source "ChessBase"]
[SourceDate "2022.10.05"]
[SourceVersion "1"]
[SourceVersionDate "2022.10.05"]
[SourceQuality "1"]

1. e4 e5 2. Nf3 Nc6 3. Bb5 Nf6 4. 0-0 Nxe4 5. d4 Nd6 6. Bxc6 dxc6 7. dxe5 Nf5 8. Qxd8+ Kxd8 9. Nc3 Ke8 10. Bg5 h6 11. Bf4 Be6 12. a3 Be7 13. Rad1 g5 14. Bc1 Rd8 15. Rxd8+ Kxd8 16. b3 Kc8 17. Rd1 Rd8 18. Rxd8+ Kxd8 19. Bb2 g4 20. Ne1 a5 21. Ne2 c5 22. Nf4 Kd7 23. a4 Nd4 24. Bxd4 cxd4 25. Ned3 Bf5 26. f3 gxf3 27. gxf3 Bg5 28. Ne2 Be3+ 29. Kg2 Kc6 30. f4 Bg4 31. Ng1 Bd1 32. Ne1 Bxf4 33. Ngf3 Kd5 34. Nd3 Bxf3+ 35. Kxf3 Bxh2 36. Kg4 Bxe5 37. Kf5 Bd6 38. Nf2 Be7 39. Nd3 h5 40. Nf4+ Kc5 41. Ke4 h4 42. Nd3+ Kd6 43. Kxd4 h3 44. Nf2 h2 45. Nh1 Bh4 46. c3 Be1 47. c4 b6 48. Ke3 Kc5 49. Ke2 Bh4 0-1

[Event "VIE-chB"]
[Site "Ba Dinh"]
[Date "2018.12.01"]
[Round "6"]
[White "Dang, Tuan Linh"]
[Black "Nguyen, Huu Hoang Anh"]
[Result "0-1"]
[WhiteElo "1944"]
[BlackElo "1978"]
[PlyCount "66"]
[EventDate "2018.11.28"]
[EventType "swiss"]
[EventRounds "9"]
[EventCountry "VIE"]
[SourceTitle "EXT 2021"]
[Source "ChessBase"]
[SourceDate "2020.10.23"]
[SourceVersion "1"]
[SourceVersionDate "2020.10.23"]
[SourceQuality "1"]

1. e4 d6 2. d4 g6 3. Nc3 Bg7 4. Be2 Nf6 5. h4 h6 6. h5 g5 7. f4 gxf4 8. Bxf4 c6 9. g4 Qa5 10. Bf3 Nbd7 11. Qd2 Nb6 12. Qe2 Qb4 13. Rb1 Qxd4 14. g5 hxg5 15. Bxg5 Bh6 16. Qd2 Qxd2+ 17. Bxd2 Nc4 18. Bxh6 Rxh6 19. Rh4 Ne5 20. Kf2 Be6 21. Nge2 0-0-0 22. Nf4 Rg8 23. Nxe6 Nxf3 24. Kxf3 fxe6 25. Rbh1 Rg5 26. Ne2 Rgxh5 27. Rxh5 Rxh5 28. Rxh5 Nxh5 29. e5 Kd7 30. Kg4 Ng7 31. exd6 exd6 32. Nd4 c5 33. Nf3 Nf5 0-1

[Event "VIE-chB"]
[Site "Ba Dinh"]
[Date "2018.11.28"]
[Round "2"]
[White "Dang, Tuan Linh"]
[Black "Nguyen, Hoang Nam2222"]
[Result "0-1"]
[WhiteElo "1944"]
[BlackElo "2162"]
[PlyCount "76"]
[EventDate "2018.11.28"]
[EventType "swiss"]
[EventRounds "9"]
[EventCountry "VIE"]
[SourceTitle "EXT 2021"]
[Source "ChessBase"]
[SourceDate "2020.10.23"]
[SourceVersion "1"]
[SourceVersionDate "2020.10.23"]
[SourceQuality "1"]

1. e4 c5 2. Nc3 a6 3. g3 b5 4. Bg2 Bb7 5. d3 e6 6. Nf3 d6 7. 0-0 Nf6 8. e5 dxe5 9. Nxe5 Bxg2 10. Kxg2 Nbd7 11. f4 Bd6 12. Nxd7 Qxd7 13. Qf3 0-0 14. Be3 Rac8 15. f5 b4 16. Ne4 Nxe4 17. dxe4 exf5 18. exf5 Be5 19. Rad1 Qa4 20. b3 Qxa2 21. Rf2 Rfe8 22. Rd7 Bf6 23. Bf4 Rcd8 24. Qd5 Rxd7 25. Qxd7 Rd8 26. Re2 h6 27. Qc6 Qb1 28. Bd6 Qd1 29. Re8+ Rxe8 30. Qxe8+ Kh7 31. Qd7 Be5 32. Qxf7 Qxd6 33. Qe8 Bd4 34. Kh3 Qf6 35. g4 Qg5 36. Qf7 Qe3+ 37. Kg2 Qf2+ 38. Kh3 Qf3+ 0-1

[Event "VIE-chB"]
[Site "Ba Dinh"]
[Date "2018.11.28"]
[Round "1"]
[White "Hoang, Van Ngoc"]
[Black "Dang, Tuan Linh"]
[Result "1-0"]
[WhiteElo "2221"]
[BlackElo "1944"]
[PlyCount "39"]
[EventDate "2018.11.28"]
[EventType "swiss"]
[EventRounds "9"]
[EventCountry "VIE"]
[SourceTitle "EXT 2021"]
[Source "ChessBase"]
[SourceDate "2020.10.23"]
[SourceVersion "1"]
[SourceVersionDate "2020.10.23"]
[SourceQuality "1"]

1. d4 e6 2. g3 f5 3. Bg2 Nf6 4. Nf3 d5 5. c4 c6 6. 0-0 Bd6 7. b3 Qe7 8. Ne5 b6 9. cxd5 exd5 10. Bb2 Bxe5 11. dxe5 Ne4 12. f3 Nc5 13. b4 Nca6 14. a3 Be6 15. e4 0-0 16. Nc3 Rd8 17. exd5 cxd5 18. Ne2 Qd7 19. Nd4 Nc7 20. Rc1 1-0

[Event "VIE Cup"]
[Site "Bac Giang"]
[Date "2018.06.03"]
[Round "7"]
[White "Phan, Luong"]
[Black "Dang, Tuan Linh"]
[Result "1/2-1/2"]
[WhiteElo "1836"]
[BlackElo "1907"]
[PlyCount "106"]
[EventDate "2018.05.30"]
[EventType "swiss"]
[EventRounds "9"]
[EventCountry "VIE"]
[SourceTitle "CBM 184 Extra"]
[Source "ChessBase"]
[SourceDate "2018.06.28"]
[SourceVersion "1"]
[SourceVersionDate "2018.06.28"]
[SourceQuality "1"]

1. e4 c5 2. Nc3 Nc6 3. g3 g6 4. Bg2 Bg7 5. Nge2 e6 6. d3 Nge7 7. Be3 d6 8. 0-0 0-0 9. d4 cxd4 10. Nxd4 Nxd4 11. Bxd4 b6 12. Bxg7 Kxg7 13. Qd4+ e5 14. Qd2 Nc6 15. Qd5 Bb7 16. Nb5 Nd4 17. Qxd6 Qxd6 18. Nxd6 Ba6 19. Rfd1 Rad8 20. c3 Rxd6 21. cxd4 Rxd4 22. Rxd4 exd4 23. Rd1 Rc8 24. h3 Be2 25. Rxd4 Rc1+ 26. Kh2 Rc2 27. e5 Rxb2 28. Bd5 Kf8 29. Rf4 Rb5 30. Bb3 Rxe5 31. Rxf7+ Ke8 32. Rxa7 Re7 33. Rxe7+ Kxe7 34. g4 g5 35. Kg3 Kf6 36. h4 h6 37. f4 Kg6 38. Be6 Kf6 39. Bf5 Bd1 40. fxg5+ hxg5 41. h5 Kg7 42. Kf2 Kh6 43. Ke3 b5 44. Bd7 Kg7 45. Bxb5 Bxg4 46. Be8 Kh6 47. a4 Bc8 48. a5 Ba6 49. Bg6 Bc8 50. Kf3 Bb7+ 51. Kg4 Bc8+ 52. Bf5 Ba6 53. Be4 Bc8+ 1/2-1/2

[Event "VIE Cup"]
[Site "Bac Giang"]
[Date "2018.05.31"]
[Round "3"]
[White "Pham, Xuan Dat"]
[Black "Dang, Tuan Linh"]
[Result "1-0"]
[WhiteElo "1885"]
[BlackElo "1907"]
[PlyCount "54"]
[EventDate "2018.05.30"]
[EventType "swiss"]
[EventRounds "9"]
[EventCountry "VIE"]
[SourceTitle "CBM 184 Extra"]
[Source "ChessBase"]
[SourceDate "2018.06.28"]
[SourceVersion "1"]
[SourceVersionDate "2018.06.28"]
[SourceQuality "1"]

1. d4 e6 2. g3 f5 3. Bg2 Nf6 4. Nh3 Be7 5. 0-0 d6 6. Nd2 e5 7. c3 Nc6 8. Nc4 Ne4 9. dxe5 dxe5 10. Qb3 Bc5 11. Bxe4 fxe4 12. Ng5 e3 13. Nd6+ Qxd6 14. Qf7+ Kd8 15. Bxe3 Qf6 16. Bxc5 Qxf7 17. Nxf7+ Ke8 18. Nxh8 b6 19. Ba3 Ba6 20. f4 e4 21. f5 Bxe2 22. Rf4 Bd3 23. Rg4 Ne5 24. Rxg7 Nf3+ 25. Kf2 Rd8 26. Rg8+ Kd7 27. Rxd8+ Kxd8 1-0

[Event "VIE-ch U09"]
[Site "Ho Chi Minh City"]
[Date "2014.07.18"]
[Round "9"]
[White "Pham, Huynh Tu"]
[Black "Dang, Tuan Linh"]
[Result "0-1"]
[WhiteElo "1451"]
[BlackElo "1492"]
[PlyCount "120"]
[EventDate "2014.07.13"]
[EventType "swiss"]
[EventRounds "9"]
[EventCountry "VIE"]
[SourceTitle "EXT 2016"]
[Source "ChessBase"]
[SourceDate "2015.10.08"]
[SourceVersion "1"]
[SourceVersionDate "2015.10.08"]
[SourceQuality "1"]

1. e4 c6 2. Nf3 d5 3. exd5 cxd5 4. Be2 Nc6 5. d4 Bf5 6. a3 e6 7. 0-0 Bd6 8. Bd3 Nge7 9. Re1 0-0 10. Nc3 Bg4 11. Be3 Nf5 12. Be2 Qb6 13. Na4 Qc7 14. h3 Bxf3 15. Bxf3 Bf4 16. Nc5 b6 17. Nd3 Bxe3 18. fxe3 Na5 19. Ne5 f6 20. Nd3 Nc4 21. e4 Nce3 22. Qd2 dxe4 23. Bxe4 Qxc2 24. Qxc2 Nxc2 25. Bxa8 Nxa1 26. Bf3 Nc2 27. Rxe6 Ncxd4 28. Re1 Nxf3+ 29. gxf3 Kf7 30. Rc1 Re8 31. Kf2 Nd4 32. Rc4 Ne6 33. h4 g6 34. b4 Rd8 35. Ke3 Re8 36. Kf2 Rd8 37. Ke3 Re8 38. Kf2 Ng7 39. Nf4 Ne6 40. Nd3 Re7 41. a4 Rc7 42. Rxc7+ Nxc7 43. b5 Ke6 44. Ke3 Kd5 45. Kd2 Kc4 46. Kc2 Ne6 47. f4 Nd4+ 48. Kd2 Nf3+ 49. Kc2 Nxh4 50. Nb2+ Kb4 51. Kd3 Ng2 52. Ke4 Kb3 53. Nd3 Kxa4 54. f5 gxf5+ 55. Kxf5 Kxb5 56. Kxf6 a5 57. Ke5 h5 58. Kd4 h4 59. Nf2 Kb4 60. Nd3+ Kb3 0-1

[Event "VIE-ch U09"]
[Site "Ho Chi Minh City"]
[Date "2014.07.17"]
[Round "8"]
[White "Dang, Tuan Linh"]
[Black "Le, Minh Duc"]
[Result "1-0"]
[WhiteElo "1492"]
[BlackElo "1576"]
[PlyCount "50"]
[EventDate "2014.07.13"]
[EventType "swiss"]
[EventRounds "9"]
[EventCountry "VIE"]
[SourceTitle "EXT 2016"]
[Source "ChessBase"]
[SourceDate "2015.10.08"]
[SourceVersion "1"]
[SourceVersionDate "2015.10.08"]
[SourceQuality "1"]

1. e4 e5 2. Nf3 Nc6 3. Bb5 a6 4. Bxc6 dxc6 5. 0-0 Bd6 6. d4 exd4 7. Qxd4 f6 8. Be3 Ne7 9. Nbd2 0-0 10. Nc4 b5 11. Nxd6 Qxd6 12. Qxd6 cxd6 13. Bf4 d5 14. exd5 Nxd5 15. Bg3 Re8 16. Rae1 Bb7 17. Nd4 c5 18. Nf5 Nb4 19. Rxe8+ Rxe8 20. c3 Nc2 21. Rc1 b4 22. Nd6 Rb8 23. Rxc2 bxc3 24. Rxc3 Bd5 25. Rxc5 Bxa2 1-0

[Event "VIE-ch U09"]
[Site "Ho Chi Minh City"]
[Date "2014.07.15"]
[Round "4"]
[White "Dang, Tuan Linh"]
[Black "Le, Quang An"]
[Result "1/2-1/2"]
[WhiteElo "1492"]
[BlackElo "1537"]
[PlyCount "140"]
[EventDate "2014.07.13"]
[EventType "swiss"]
[EventRounds "9"]
[EventCountry "VIE"]
[SourceTitle "EXT 2016"]
[Source "ChessBase"]
[SourceDate "2015.10.08"]
[SourceVersion "1"]
[SourceVersionDate "2015.10.08"]
[SourceQuality "1"]

1. e4 c6 2. d4 d5 3. exd5 cxd5 4. Bd3 Nc6 5. c3 Qc7 6. Ne2 Bg4 7. f3 Bd7 8. 0-0 e5 9. dxe5 Nxe5 10. Kh1 Bd6 11. Bf4 Ne7 12. Qc2 0-0 13. Bxh7+ Kh8 14. Bd3 Rac8 15. Nd2 b5 16. Nd4 b4 17. cxb4 Qxc2 18. Bxc2 Bxb4 19. Bxe5 Bxd2 20. Bb3 Be6 21. Nxe6 fxe6 22. Bd6 Rfe8 23. Rad1 Bg5 24. Ba4 Nc6 25. f4 Bf6 26. b3 Red8 27. Bxc6 Rxc6 28. Be5 Bxe5 29. fxe5 Rc2 30. a4 Rb2 31. Rb1 Rxb1 32. Rxb1 Rb8 33. b4 a6 34. b5 axb5 35. Rxb5 Ra8 36. a5 Kg8 37. Kg1 Kf7 38. Kf2 Ra6 39. Rb7+ Kg6 40. Rb6 Rxa5 41. Rxe6+ Kf7 42. Rd6 d4 43. Rxd4 Rxe5 44. Kf3 Kf6 45. Re4 Ra5 46. Rf4+ Ke6 47. Kg4 Ra2 48. Kg3 Ra3+ 49. Rf3 Ra4 50. Rf4 Ra3+ 51. Rf3 Ra4 52. Rf4 Ra3+ 53. Kh4 Ra5 54. Rg4 Kf6 55. Rf4+ Ke6 56. Rg4 Kf6 57. Rb4 Ra6 58. Rf4+ Kg6 59. Rg4+ Kh6 60. Kg3 Ra3+ 61. Kf4 Ra4+ 62. Kg3 Ra3+ 63. Kh4 Ra6 64. Rb4 Rc6 65. Kg4 Rg6+ 66. Kf3 Rf6+ 67. Rf4 Ra6 68. Rb4 Kg6 69. Rd4 Rb6 70. Kf4 Rf6+ 1/2-1/2

[Event "VIE-ch U09"]
[Site "Ho Chi Minh City"]
[Date "2014.07.14"]
[Round "3"]
[White "Nguyen, Viet Bach"]
[Black "Dang, Tuan Linh"]
[Result "0-1"]
[WhiteElo "1535"]
[BlackElo "1492"]
[PlyCount "44"]
[EventDate "2014.07.13"]
[EventType "swiss"]
[EventRounds "9"]
[EventCountry "VIE"]
[SourceTitle "EXT 2016"]
[Source "ChessBase"]
[SourceDate "2015.10.08"]
[SourceVersion "1"]
[SourceVersionDate "2015.10.08"]
[SourceQuality "1"]

1. d4 Nf6 2. c3 d5 3. Bf4 g6 4. Nf3 Bg7 5. e3 0-0 6. h3 Bf5 7. Nbd2 Nbd7 8. Be2 c5 9. 0-0 Rc8 10. dxc5 Nxc5 11. Nb3 Nfe4 12. Nfd4 Bd7 13. f3 Nxb3 14. axb3 Nc5 15. Rxa7 e5 16. b4 Na6 17. Rxb7 Nc7 18. Bxe5 Bxe5 19. f4 Bxd4 20. Qxd4 Bc6 21. Rb6 Ne6 22. Qe5 Qxb6 0-1